Loading...
Auditory Arts | 5 | 10.00 | 80% | 20% | 0% |
Beliefs | 5 | 16.00 | 80% | 80% | 0% |
Current Events | 4 | 10.00 | 100% | 0% | 0% |
Fine Arts - Other Arts | 6 | 13.33 | 83% | 50% | 0% |
History - American History | 3 | 0.00 | 0% | 0% | 0% |
History - Ancient History | 3 | 20.00 | 100% | 100% | 0% |
History - European History | 4 | 17.50 | 75% | 75% | 25% |
History - Other History | 2 | 20.00 | 100% | 100% | 0% |
History - World History | 6 | 11.67 | 100% | 0% | 17% |
Literature - American Literature | 6 | 6.67 | 67% | 0% | 0% |
Literature - British Literature | 4 | 12.50 | 100% | 25% | 0% |
Literature - European Literature | 2 | 15.00 | 100% | 0% | 50% |
Literature - World Literature | 7 | 11.43 | 86% | 14% | 14% |
Other Academic | 3 | 13.33 | 100% | 33% | 0% |
Philosophy | 4 | 7.50 | 0% | 75% | 0% |
Science - Biology | 3 | 6.67 | 67% | 0% | 0% |
Science - Chemistry | 3 | 16.67 | 100% | 33% | 33% |
Science - Other Science | 3 | 20.00 | 100% | 100% | 0% |
Science - Physics | 5 | 22.00 | 100% | 80% | 40% |
Social Science | 6 | 6.67 | 50% | 0% | 17% |
Visual Arts | 3 | 10.00 | 67% | 33% | 0% |